Adhunik Asamiya natak : (Record no. 10372)

MARC details
000 -LEADER
fixed length control field 00659cam a2200217ua 4500
005 - DATE AND TIME OF LATEST TRANSACTION
control field 20210901113053.0
008 - FIXED-LENGTH DATA ELEMENTS--GENERAL INFORMATION
fixed length control field 191004n ii |||gr||||Z||||||asm
020 ## - INTERNATIONAL STANDARD BOOK NUMBER
International Standard Book Number 9788172132576
040 ## - CATALOGING SOURCE
Transcribing agency MAIN
Original cataloging agency IN-DiNC
041 ## - LANGUAGE CODE
Language code of sung or spoken text Assamese
082 ## - DEWEY DECIMAL CLASSIFICATION NUMBER
Classification number 891.4512
Item number ADH
245 ## - TITLE STATEMENT
Title Adhunik Asamiya natak :
Remainder of title bichar aru bishlekhan /
Statement of responsibility, etc. Edited by Indu Prabha Devi and Anu Rani Devi
250 ## - EDITION STATEMENT
Edition statement 1st ed.
260 ## - PUBLICATION, DISTRIBUTION, ETC.
Place of publication, distribution, etc. Guwahati:
Name of publisher, distributor, etc. Purbanchal prakash,
Date of publication, distribution, etc. 2015.
300 ## - PHYSICAL DESCRIPTION
Extent 360p.
650 ## - SUBJECT ADDED ENTRY--TOPICAL TERM
Topical term or geographic name entry element Articles on Assamese drama
700 ## - ADDED ENTRY--PERSONAL NAME
Personal name Devi, Anu Rani
Relator term Editor
700 ## - ADDED ENTRY--PERSONAL NAME
Personal name Devi, Indu Prava
Relator term Editor
942 ## - ADDED ENTRY ELEMENTS (KOHA)
Koha item type Books
Source of classification or shelving scheme Dewey Decimal Classification
653 ## - INDEX TERM--UNCONTROLLED
Uncontrolled term Critical analysis of Assamese drama
Holdings
Withdrawn status Lost status Source of classification or shelving scheme Damaged status Not for loan Collection code Home library Current library Shelving location Date acquired Cost, normal purchase price Total Checkouts Full call number Barcode Date last seen Date last checked out Copy number Price effective from Koha item type
    Dewey Decimal Classification     Assamese Naharkatiya College Library Naharkatiya College Library General Stacks 19/09/2020 280.00 5 891.4512 ADH 26349 18/09/2024 06/09/2024 1 19/09/2020 Books
    Dewey Decimal Classification     Assamese Naharkatiya College Library Naharkatiya College Library General Stacks 01/09/2021 280.00 2 891.4512 ADH 27784 17/06/2022 04/06/2022 2 01/09/2021 Books

Naharkatiya College © 2020. All rights reserved.

Powered By